Синтез битопных лигандов, содержащих фрагменты бис(пиразол-1-ил)метана; Журнал органический химии; Т. 43, № 11
| Parent link: | Журнал органический химии.— , 1965- Т. 43, № 11.— 2007.— [С. 1698-1702] |
|---|---|
| Andre forfattere: | , , , |
| Summary: | Заглавие с экрана Предложены новые подходы к синтезу соединений, содержании два фрагмента бис (пиразол-1-ил).метана. Но реакции нуклеофильного замещения в суперосновной среде КОН-ДМСО из соответствующих тетрабромпроизводных и пиразолов получены битопныс халатные лигинды: 1,1,2,2-тстракис(пиразол-1-ил)этан, 1,4-бис[бис(пиразол-1-ю).метил]бензол, 1,4-бис[бис(3,5-диметил-пиразол-1-ил)метил]бензол. При взаимодействии пиразола с терефталевым альдегидом в присутствии тиоиигхлорида синтезирован 1,4-бис[бис(пнразол-1-ил)метил]бснзол. Получены тет-раиод- и тетрапитропроизводные 1,1,2,2-тетракис(пиразол- 1-ил)этана. Режим доступа: по договору с организацией-держателем ресурса |
| Sprog: | russisk |
| Udgivet: |
2007
|
| Fag: | |
| Online adgang: | http://elibrary.ru/item.asp?id=9903551 |
| Format: | MixedMaterials Electronisk Book Chapter |
| KOHA link: | https://koha.lib.tpu.ru/cgi-bin/koha/opac-detail.pl?biblionumber=639624 |
MARC
| LEADER | 00000naa0a2200000 4500 | ||
|---|---|---|---|
| 001 | 639624 | ||
| 005 | 20250218093852.0 | ||
| 035 | |a (RuTPU)RU\TPU\network\4112 | ||
| 090 | |a 639624 | ||
| 100 | |a 20150318d2007 k||y0rusy50 ca | ||
| 101 | 0 | |a rus | |
| 102 | |a RU | ||
| 135 | |a drnn ---uucaa | ||
| 181 | 0 | |a i | |
| 182 | 0 | |a b | |
| 200 | 1 | |a Синтез битопных лигандов, содержащих фрагменты бис(пиразол-1-ил)метана |d Synthesis of ditopic ligands containing bis(1H-pyrazol-1-yl)-methane fragments |f Е. А. Нуднова [и др.] | |
| 203 | |a Текст |c электронный | ||
| 300 | |a Заглавие с экрана | ||
| 320 | |a [Библиогр.: с. 1702 (21 назв.)] | ||
| 330 | |a Предложены новые подходы к синтезу соединений, содержании два фрагмента бис (пиразол-1-ил).метана. Но реакции нуклеофильного замещения в суперосновной среде КОН-ДМСО из соответствующих тетрабромпроизводных и пиразолов получены битопныс халатные лигинды: 1,1,2,2-тстракис(пиразол-1-ил)этан, 1,4-бис[бис(пиразол-1-ю).метил]бензол, 1,4-бис[бис(3,5-диметил-пиразол-1-ил)метил]бензол. При взаимодействии пиразола с терефталевым альдегидом в присутствии тиоиигхлорида синтезирован 1,4-бис[бис(пнразол-1-ил)метил]бснзол. Получены тет-раиод- и тетрапитропроизводные 1,1,2,2-тетракис(пиразол- 1-ил)этана. | ||
| 333 | |a Режим доступа: по договору с организацией-держателем ресурса | ||
| 461 | |t Журнал органический химии |d 1965- | ||
| 463 | |t Т. 43, № 11 |v [С. 1698-1702] |d 2007 | ||
| 510 | 1 | |a Synthesis of ditopic ligands containing bis(1H-pyrazol-1-yl)-methane fragments |z eng | |
| 610 | 1 | |a электронный ресурс | |
| 610 | 1 | |a труды учёных ТПУ | |
| 610 | 1 | |a лиганды | |
| 610 | 1 | |a синтез | |
| 610 | 1 | |a пиразол | |
| 701 | 1 | |a Нуднова |b Е. А. | |
| 701 | 1 | |a Потапов |b А. С. |c химик |c профессор Томского политехнического университета, доктор химических наук |f 1981- |g Андрей Сергеевич |3 (RuTPU)RU\TPU\pers\33902 |9 17475 | |
| 701 | 1 | |a Хлебников |b А. И. |c химик |c профессор Томского политехнического университета |f 1963- |g Андрей Иванович |3 (RuTPU)RU\TPU\pers\33924 |9 17497 | |
| 701 | 1 | |a Огородников |b В. Д. | |
| 801 | 2 | |a RU |b 63413507 |c 20170317 |g RCR | |
| 856 | 4 | |u http://elibrary.ru/item.asp?id=9903551 | |
| 942 | |c CF | ||